MARC details
| 000 -LEADER |
| campo de control de longitud fija |
01270nam a22003857a 4500 |
| 003 - IDENTIFICADOR DE NÚMERO DE CONTROL |
| campo de control |
OSt |
| 005 - FECHA Y HORA DE LA ÚLTIMA TRANSACCIÓN |
| campo de control |
20230424083041.0 |
| 008 - DATOS DE LONGITUD FIJA--INFORMACIÓN GENERAL |
| campo de control de longitud fija |
221006b |||||||| |||| 00| 0 eng d |
| 040 ## - FUENTE DE CATALOGACIÓN |
| Centro/agencia transcriptor |
Biblioteca Lado V |
| 082 ## - NÚMERO DE LA CLASIFICACIÓN DECIMAL DEWEY |
| Número de clasificación |
700 |
| Número de ítem |
C837a |
| 100 ## - ENTRADA PRINCIPAL--NOMBRE DE PERSONA |
| 9 (RLIN) |
316 |
| Nombre de persona |
Costa Peuser, Diego |
| Término indicativo de función/relación |
editor |
| 245 ## - MENCIÓN DEL TÍTULO |
| Título |
Arte al dia/ |
| Resto del título |
Internacional/ |
| 260 ## - PUBLICACIÓN, DISTRIBUCIÓN, ETC. |
| Nombre del editor, distribuidor, etc. |
Boca Raton Museum of Art |
| Fecha de publicación, distribución, etc. |
2002 |
| Lugar de publicación, distribución, etc. |
Argentina |
| 300 ## - DESCRIPCIÓN FÍSICA |
| Dimensiones |
20x28cm |
| Extensión |
130p. |
| 490 ## - MENCIÓN DE SERIE |
| Designación de volumen o secuencia |
2006 |
| Número Internacional Normalizado para Publicaciones Seriadas |
0326 4807 |
| Mención de serie |
93 |
| 505 ## - NOTA DE CONTENIDO CON FORMATO |
| Título |
Wifredo Lam |
| 505 ## - NOTA DE CONTENIDO CON FORMATO |
| Título |
Jesus Soto |
| 505 ## - NOTA DE CONTENIDO CON FORMATO |
| Título |
Manuel Alvares Bravo |
| 505 ## - NOTA DE CONTENIDO CON FORMATO |
| Título |
Diego Hernandez |
| 505 ## - NOTA DE CONTENIDO CON FORMATO |
| Título |
Felipe Herrera |
| 505 ## - NOTA DE CONTENIDO CON FORMATO |
| Título |
Roger Mantegani |
| 505 ## - NOTA DE CONTENIDO CON FORMATO |
| Título |
Pedro Vizcaino |
| 505 ## - NOTA DE CONTENIDO CON FORMATO |
| Título |
Eduardo Navarro |
| 505 ## - NOTA DE CONTENIDO CON FORMATO |
| Título |
Veronica Riedel |
| 505 ## - NOTA DE CONTENIDO CON FORMATO |
| Título |
Moises Castillo |
| 505 ## - NOTA DE CONTENIDO CON FORMATO |
| Título |
41 Latin American Artist |
| 650 ## - PUNTO DE ACCESO ADICIONAL DE MATERIA--TÉRMINO DE MATERIA |
| Fuente del encabezamiento o término |
Tesauro de Arte & Arquitectura |
| Término de materia o nombre geográfico como elemento de entrada |
ARTE |
| 9 (RLIN) |
703 |
| 650 ## - PUNTO DE ACCESO ADICIONAL DE MATERIA--TÉRMINO DE MATERIA |
| Fuente del encabezamiento o término |
Tesauro de Arte & Arquitectura |
| Término de materia o nombre geográfico como elemento de entrada |
ARTE CONTEMPORANEO |
| 650 ## - PUNTO DE ACCESO ADICIONAL DE MATERIA--TÉRMINO DE MATERIA |
| Fuente del encabezamiento o término |
Tesauro de Arte & Arquitectura |
| Término de materia o nombre geográfico como elemento de entrada |
CULTURA |
| 650 ## - PUNTO DE ACCESO ADICIONAL DE MATERIA--TÉRMINO DE MATERIA |
| Fuente del encabezamiento o término |
Tesauro de Arte & Arquitectura |
| Término de materia o nombre geográfico como elemento de entrada |
ARTE LATINOAMERICANO |
| 650 ## - PUNTO DE ACCESO ADICIONAL DE MATERIA--TÉRMINO DE MATERIA |
| Fuente del encabezamiento o término |
Tesauro de Arte & Arquitectura |
| Término de materia o nombre geográfico como elemento de entrada |
TEORIA |
| 650 ## - PUNTO DE ACCESO ADICIONAL DE MATERIA--TÉRMINO DE MATERIA |
| Fuente del encabezamiento o término |
Tesauro de Arte & Arquitectura |
| Término de materia o nombre geográfico como elemento de entrada |
CRITICA |
| 650 ## - PUNTO DE ACCESO ADICIONAL DE MATERIA--TÉRMINO DE MATERIA |
| Fuente del encabezamiento o término |
Tesauro de Arte & Arquitectura |
| Término de materia o nombre geográfico como elemento de entrada |
ARGENTINA |
| 942 ## - ELEMENTOS DE ENTRADA SECUNDARIOS (KOHA) |
| Fuente del sistema de clasificación o colocación |
Clasificación Decimal Dewey |
| Tipo de ítem Koha |
Libros |
| Parte de la signatura que corresponde a la clasificación (Parte de la clasificación) |
700 |
| Parte de la signatura que identifica el ejemplar (Parte del ítem) |
C837a |
| Suprimir en OPAC |
No |